Lexique Théâtre A-Z - Statistiques

Statistiques générales
  • Ce quiz a été pris 139 fois
  • Le résultat moyen est 12 sur 24
Statistiques - réponses
Description(s) Commence par Réponse % Correct
Personnage type de la commedia dell'arte qui est apparu au XVIᵉ siècle en Italie, au masque noir et dont le costume est fait de losanges multicolores. A Arlequin
90%
Pièce de théâtre de William Shakespeare. H Hamlet
87%
Pratiquer une activité scénique ; se produire sur scène. J Jouer
87%
Intervalle qui, dans la représentation d’une pièce de théâtre, sépare un acte d’un autre. E Entracte
86%
Suite de phrases, de vers, qu’un des personnages débite sans être interrompu. T Tirade
86%
Le sonneur de cloches de Notre Dame. Q Quasimodo
79%
Petit théâtre de marionnettes comique dont il est le principal personnage. G Guignol
68%
Employé chargé particulièrement de veiller à tous les détails matériels de la représentation. R Régisseur
68%
Spectacle solo, spectacle de variétés assuré par un artiste seul en scène. (Anglicisme) O One man show
64%
Marceau et Chaplin en sont des noms célèbres. M Mime
61%
Acteurs et actrices qui remplacent les chefs d’emplois dans leurs rôles. D Doublure
57%
Comédie légère sans intentions psychologiques ni morales, fondée sur un comique de situation. Genre Théâtrale. V Vaudeville
54%
Moment d’une pièce de théâtre où l’intrigue est arrivée à son point essentiel, mais où le dénouement reste incertain. N Nœud
50%
Galerie d'une salle de spectacle s’étendant d'une avant-scène à l’autre. B Balcon
48%
Personnage de la comédie italienne transporté sur la scène française.Valet dans une comédie de Molière. S Scapin
48%
Personnage destiné à mettre en valeur les qualités du personnage principal. En 2 mots. F Faire valoir
33%
Acteur, réalisateur, scénariste et metteur en scène français prénommé Jacques. Molière d'honneur en 2022. W Weber
32%
Scène sur laquelle paraissent les acteurs. P Planches
26%
Acteur Français prénommé Tcheky, ayant eu de nombreux seconds rôles dans des superproductions aussi bien étrangères que nationales. K Karyo
25%
Pièce de théâtre dont l’intrigue est fort compliquée. I Imbroglio
23%
Nom de famille d'un acteur, réalisateur et scénariste Franco Marocain. César du meilleur acteur en 2020 pour le film Roubaix, une lumière. Z Zem
19%
Comédien médiocre (péjoratif) C Cabot
17%
Petite pièce que l’on joue avant la pièce principale. Se dit aussi d'un match de seconde importance disputé avant le match principal. L Lever de rideau
6%
Emploi des acteurs qui jouent toutes sortes de rôles de peu d’importance. U Utilité
5%
Aucun quiz correspondant
Distribution des résultats
% des personnes avec chaque résultat
Percentile par nombre de réponses
Votre historique - résultats
Vous n’avez pas pris ce quiz